000 00495nam a2200169 4500
001 108824
003 ES-MaACL
005 20230906184721.0
007 t|
008 061121s1971 sp r ||||1| spa d
100 1 _aMoursund, David G.
_983913
245 1 0 _aCómo trabajan los ordenadores /
_cDavid G. Moursund; traducción de Sercomar.
260 _aMadrid :
_bParaninfo,
_c1971.
300 _a162 p. :
_bil. ;
_c22 cm.
710 2 _aSercomar.
_96571
852 _aES-MaACL
_jC-45181
_bR.79270
999 _c108824
_d108824